[Event "BCF-chT1d 1718 (4NCL) Demotion pool"]
[Site "England"]
[Date "2018.03.18"]
[Round "8.71"]
[White "Rudd, Jack"]
[Black "Morrison, Graham"]
[Result "1/2-1/2"]
[WhiteElo "2270"]
[BlackElo "2278"]
[PlyCount "82"]
[EventDate "2017.11.11"]
[EventType "team-swiss"]
[EventRounds "11"]
[EventCountry "ENG"]
[SourceTitle "EXT 2019"]
[Source "ChessBase"]
[SourceDate "2018.10.10"]
[SourceVersion "1"]
[SourceVersionDate "2018.10.10"]
[SourceQuality "1"]
[WhiteTeam "West is Best"]
[BlackTeam "Barbican II"]
[WhiteTeamCountry "ENG"]
[BlackTeamCountry "ENG"]

1. Nf3 Nf6 2. d4 e6 3. c4 d5 4. cxd5 exd5 5. Nc3 c6 6. Qc2 Be7 7. Bg5 g6 8. e3 Bf5 9. Bd3 Bxd3 10. Qxd3 Nbd7 11. 0-0 0-0 12. Rab1 Re8 13. b4 a6 14. a4 Ne4 15. Bf4 Bd6 16. Bxd6 Nxd6 17. b5 axb5 18. axb5 Ra3 19. bxc6 bxc6 20. Qc2 Qa5 21. Rfc1 Qa6 22. h4 f5 23. Nxd5 cxd5 24. Qc7 Nf8 25. Rc6 Qd3 26. Rb2 Nb5 27. Qb7 f4 28. Rf6 Ra7 29. Qxd5+ Kg7 30. Rxf4 Nc3 31. Rb7+ Rxb7 32. Qxb7+ Kh8 33. Kh2 Qb5 34. Qf7 Nd5 35. Re4 Qb8+ 36. Re5 Ne6 37. Ng5 Re7 38. Qf3 Nxg5 39. hxg5 Rxe5 40. dxe5 Qxe5+ 41. g3 Kg7 1/2-1/2

[Event "BCF-chT1a 1718 (4NCL)"]
[Site "England"]
[Date "2018.02.11"]
[Round "6.31"]
[White "Tan, Justin Hy"]
[Black "Morrison, Graham"]
[Result "1-0"]
[WhiteElo "2464"]
[BlackElo "2278"]
[PlyCount "81"]
[EventDate "2017.11.11"]
[EventType "team-swiss"]
[EventRounds "11"]
[EventCountry "ENG"]
[SourceTitle "EXT 2019"]
[Source "ChessBase"]
[SourceDate "2018.10.10"]
[SourceVersion "1"]
[SourceVersionDate "2018.10.10"]
[SourceQuality "1"]
[WhiteTeam "Oxford"]
[BlackTeam "Barbican II"]
[WhiteTeamCountry "ENG"]
[BlackTeamCountry "ENG"]

1. e4 c5 2. Nf3 e6 3. d4 cxd4 4. Nxd4 Nc6 5. Nc3 d6 6. Be3 Nf6 7. Qe2 Be7 8. 0-0-0 0-0 9. g4 a6 10. g5 Nxd4 11. Rxd4 Ng4 12. h4 Nxe3 13. Qxe3 b5 14. a3 Bb7 15. Rg1 Rc8 16. Qd2 Qb6 17. Kb1 Rc5 18. Rg3 Rfc8 19. f4 e5 20. fxe5 Rxe5 21. Nd5 Bxd5 22. exd5 Bf8 23. h5 g6 24. hxg6 hxg6 25. Rf4 Rce8 26. Ka2 Bg7 27. Rgf3 R8e7 28. Rc3 Rc7 29. Rxc7 Qxc7 30. c4 Qb7 31. Qb4 Rf5 32. Rxf5 gxf5 33. Bd3 f4 34. Qxd6 bxc4 35. Qd8+ Bf8 36. Bxc4 f3 37. Qf6 Bg7 38. Qd8+ Bf8 39. g6 Kg7 40. d6 Qc6 41. Qc7 1-0

[Event "BCF-chT1a 1718 (4NCL)"]
[Site "England"]
[Date "2018.01.14"]
[Round "4.33"]
[White "Richardson, John R"]
[Black "Morrison, Graham"]
[Result "1/2-1/2"]
[WhiteElo "2252"]
[BlackElo "2278"]
[PlyCount "66"]
[EventDate "2017.11.11"]
[EventType "team-swiss"]
[EventRounds "11"]
[EventCountry "ENG"]
[SourceTitle "EXT 2019"]
[Source "ChessBase"]
[SourceDate "2018.10.10"]
[SourceVersion "1"]
[SourceVersionDate "2018.10.10"]
[SourceQuality "1"]
[WhiteTeam "The ADS"]
[BlackTeam "Barbican II"]
[WhiteTeamCountry "ENG"]
[BlackTeamCountry "ENG"]

1. d4 Nf6 2. c4 e6 3. g3 Bb4+ 4. Bd2 Bxd2+ 5. Qxd2 d5 6. Bg2 c6 7. Nf3 Nbd7 8. 0-0 0-0 9. Ne5 Nxe5 10. dxe5 Nd7 11. f4 Nb6 12. Na3 Qe7 13. Rfd1 f6 14. exf6 Qxf6 15. Qd4 Qxd4+ 16. Rxd4 e5 17. fxe5 Nxc4 18. Nxc4 dxc4 19. Rxc4 Be6 20. Rb4 Rf7 21. Rd1 Re8 22. Be4 Rfe7 23. Bc2 Bd5 24. Bb3 Bxb3 25. Rxb3 Rc7 26. Re3 Rce7 27. Kf2 Rxe5 28. Rxe5 Rxe5 29. Rd7 Rf5+ 30. Ke3 Rf7 31. Rd8+ Rf8 32. Rd7 Rf7 33. Rd8+ Rf8 1/2-1/2

[Event "BCF-chT1a 1718 (4NCL)"]
[Site "England"]
[Date "2018.01.13"]
[Round "3.11"]
[White "Morrison, Graham"]
[Black "Sadler, Matthew D"]
[Result "0-1"]
[WhiteElo "2278"]
[BlackElo "2687"]
[PlyCount "66"]
[EventDate "2017.11.11"]
[EventType "team-swiss"]
[EventRounds "11"]
[EventCountry "ENG"]
[SourceTitle "EXT 2019"]
[Source "ChessBase"]
[SourceDate "2018.10.10"]
[SourceVersion "1"]
[SourceVersionDate "2018.10.10"]
[SourceQuality "1"]
[WhiteTeam "Barbican II"]
[BlackTeam "Guildford"]
[WhiteTeamCountry "ENG"]
[BlackTeamCountry "ENG"]

1. d4 Nf6 2. c4 e6 3. Nf3 d5 4. Nc3 Bb4 5. Bg5 h6 6. Bxf6 Qxf6 7. e3 0-0 8. Rc1 dxc4 9. Bxc4 c5 10. 0-0 cxd4 11. Ne4 Qe7 12. a3 Ba5 13. Qxd4 Rd8 14. Qe5 Bb6 15. Rfd1 Nc6 16. Qh5 Bd7 17. g4 Na5 18. Rxd7 Rxd7 19. Ba2 Rc7 20. Rxc7 Qxc7 21. g5 Nc4 22. Bxc4 Qxc4 23. Ne5 Qxe4 24. Qxf7+ Kh8 25. Qxe6 Qb1+ 26. Kg2 Bxe3 27. g6 Qe4+ 28. f3 Qc2+ 29. Kg3 Bf2+ 30. Kf4 Qc1+ 31. Ke4 Qe3+ 32. Kf5 Rf8+ 33. Nf7+ Kg8 0-1

[Event "EU-chT (Men) 21st"]
[Site "Heraklion"]
[Date "2017.11.05"]
[Round "8.2"]
[White "Morrison, Graham"]
[Black "Makolli, Perparim"]
[Result "1/2-1/2"]
[WhiteElo "2278"]
[BlackElo "2333"]
[PlyCount "135"]
[EventDate "2017.10.28"]
[EventType "team-swiss"]
[EventRounds "9"]
[EventCountry "GRE"]
[SourceTitle "CBM 182"]
[Source "ChessBase"]
[SourceDate "2018.01.17"]
[SourceVersion "1"]
[SourceVersionDate "2018.01.17"]
[SourceQuality "1"]
[WhiteTeam "Scotland"]
[BlackTeam "Kosovo"]
[WhiteTeamCountry "SCO"]
[BlackTeamCountry "KOS"]

1. d4 d5 2. c4 dxc4 3. Nf3 Nf6 4. e3 Bg4 5. Bxc4 e6 6. h3 Bh5 7. Nc3 Nc6 8. Bb5 Bd6 9. e4 Nd7 10. Be3 0-0 11. a3 Kh8 12. Be2 a6 13. 0-0 Nb6 14. d5 exd5 15. Bxb6 cxb6 16. Qxd5 Bxf3 17. Bxf3 Qf6 18. Rad1 Be5 19. Qd3 Qf4 20. g3 Qh6 21. Bg2 Rad8 22. Qb1 Bxc3 23. bxc3 Ne5 24. Rd4 Rc8 25. Rfd1 b5 26. a4 Qb6 27. axb5 Rxc3 28. bxa6 Qxa6 29. Qb4 Rcc8 30. Rd5 Nc6 31. Qb5 Rfe8 32. Rb1 Re7 33. Qxa6 bxa6 34. Rc5 Ree8 35. Rb6 Nb8 36. Rxc8 Rxc8 37. Bf1 g6 38. Bxa6 Nxa6 39. Rxa6 h5 40. e5 Rc5 41. e6 fxe6 42. Rxe6 Kg7 43. h4 Kf7 44. Re3 Ra5 45. Kg2 Kf6 46. Kf3 Rf5+ 47. Ke2 Ra5 48. Rf3+ Kg7 49. Rf4 Ra2+ 50. Kf3 Ra3+ 51. Kg2 Ra2 52. Rb4 Ra7 53. Kf3 Rf7+ 54. Ke3 Re7+ 55. Re4 Ra7 56. f3 Ra3+ 57. Kf4 Ra7 58. g4 Rf7+ 59. Kg3 hxg4 60. fxg4 Kh7 61. Re6 Kg7 62. Rb6 Kh7 63. g5 Ra7 64. Rb4 Kg7 65. Kg4 Rf7 66. h5 gxh5+ 67. Kxh5 Ra7 68. Rb6 1/2-1/2

[Event "ENG County-ch"]
[Site "Warwick"]
[Date "2017.07.01"]
[Round "1.3"]
[White "Gantner, Matthias"]
[Black "Morrison, Graham"]
[Result "0-1"]
[WhiteElo "2336"]
[BlackElo "2266"]
[PlyCount "80"]
[EventDate "2017.07.01"]
[EventType "team-match"]
[EventRounds "1"]
[EventCountry "ENG"]
[SourceTitle "CBM 179 Extra"]
[Source "ChessBase"]
[SourceDate "2017.08.23"]
[SourceVersion "1"]
[SourceVersionDate "2017.08.23"]
[SourceQuality "1"]
[WhiteTeam "Yorkshire"]
[BlackTeam "Lancashire"]
[WhiteTeamCountry "ENG"]
[BlackTeamCountry "ENG"]

1. e4 c5 2. Nf3 e6 3. b3 b6 4. Bd3 Bb7 5. 0-0 Nf6 6. e5 Nd5 7. Be4 Qc7 8. c4 Nb4 9. Bxb7 Qxb7 10. Ba3 N8c6 11. Re1 Be7 12. Nc3 0-0 13. Re4 f5 14. Re2 g5 15. h3 Nd3 16. Re3 Nf4 17. Nb5 g4 18. hxg4 fxg4 19. Ne1 h5 20. Bb2 Rf5 21. f3 g3 22. Nd6 Bxd6 23. exd6 Qb8 24. d4 Qd8 25. Re4 Qh4 26. Rxf4 Qxf4 27. Nc2 cxd4 28. Bxd4 Qxd6 29. Qd3 Raf8 30. Qc3 Nxd4 31. Qxd4 Qxd4+ 32. Nxd4 Re5 33. Kf1 Rc8 34. Nb5 d5 35. Rd1 dxc4 36. bxc4 Rxc4 37. Nd6 Rc2 38. Ne4 Rxe4 39. fxe4 Rf2+ 40. Ke1 Rxa2 0-1

[Event "Rilton Cup 46th"]
[Site "Stockholm"]
[Date "2017.01.04"]
[Round "8"]
[White "Morrison, Graham"]
[Black "Gulamali, Kazim"]
[Result "1/2-1/2"]
[WhiteElo "2283"]
[BlackElo "2341"]
[PlyCount "81"]
[EventDate "2016.12.27"]
[EventType "swiss"]
[EventRounds "9"]
[EventCountry "SWE"]
[SourceTitle "CBM 176 Extra"]
[Source "ChessBase"]
[SourceDate "2017.03.02"]
[SourceVersion "1"]
[SourceVersionDate "2017.03.02"]
[SourceQuality "1"]

1. d4 c5 2. d5 d6 3. e4 g6 4. Nf3 Bg7 5. Bb5+ Bd7 6. a4 Nf6 7. Nc3 0-0 8. 0-0 Bg4 9. h3 Bxf3 10. Qxf3 Na6 11. Re1 Nc7 12. Bf1 Nd7 13. Qd1 b6 14. f4 a6 15. Ra3 Rb8 16. Rb3 Rb7 17. Nb1 b5 18. c4 Qb8 19. axb5 axb5 20. Na3 b4 21. Nb1 Qa7 22. Nd2 Qa2 23. Nf3 e6 24. Kh1 Re8 25. dxe6 Nxe6 26. Rd3 Nd4 27. Nxd4 cxd4 28. Rxd4 Bxd4 29. Qxd4 Nc5 30. f5 Nb3 31. Qd5 Rbe7 32. Bg5 Re5 33. Qxd6 Qxb2 34. Qf6 Qd4 35. Rd1 Rxf5 36. Qxd4 Rxf1+ 37. Rxf1 Nxd4 38. Bf6 Ne6 39. Rb1 Rb8 40. Be5 Rb6 41. Kg1 1/2-1/2